000 00884nam a2200193 i 4500
001 189019
003 ES-MaACL
005 20231228062705.0
008 190321s1949 sp |||| | spa d
100 1 _aSánchez Cantón, Francisco Javier,
_d1891-1971
_9102521
245 1 0 _aDon Antonio Francisco de Castro, poeta prerromántico (1746-1825) :
_bdiscurso leído ante la Real Academia Española el día 4 de diciembre de 1949 en su recepción pública... y contestación del Excmo. Sr. D. Gregorio Marañón y Posadillo.
260 _aMadrid :
_b[s.n.],
_c1949 (
_fC. Bermejo, imp)
300 _a128 p. ;
_c24 cm.
600 1 4 _aCastro, Francisco Antonio de-
_xCrítica e interpretación.
_9166634
700 1 _aMarañón, Gregorio,
_d1887-1960
_976311
710 2 _aReal Academia Española
_96336
852 4 _aES-MaACL
_jK-157-11
_z- Enc. en un vol. facticio
999 _c189019
_d189019